[Event "GBR-ch 105th Weekend op"]
[Site "Hull"]
[Date "2018.07.29"]
[Round "4"]
[White "Somton, Anita"]
[Black "Vickery, Jim"]
[Result "1/2-1/2"]
[WhiteElo "1843"]
[BlackElo "1975"]
[PlyCount "35"]
[EventDate "2018.07.27"]
[EventType "swiss"]
[EventRounds "5"]
[EventCountry "ENG"]
[SourceTitle "EXT 2019"]
[Source "ChessBase"]
[SourceDate "2018.10.10"]
[SourceVersion "1"]
[SourceVersionDate "2018.10.10"]
[SourceQuality "1"]

1. e4 Nf6 2. e5 Nd5 3. d4 d6 4. Nf3 Bg4 5. Be2 c6 6. 0-0 Bxf3 7. Bxf3 dxe5 8. dxe5 e6 9. Qe2 Nd7 10. Re1 Qc7 11. c4 Ne7 12. Bg4 0-0-0 13. f4 Nf5 14. Bxf5 Bc5+ 15. Kh1 exf5 16. Nc3 Nf8 17. Be3 Ne6 18. Bxc5 1/2-1/2

[Event "Doncaster 4NCL op-A 18th"]
[Site "Doncaster"]
[Date "2018.04.14"]
[Round "2"]
[White "Vickery, Jim"]
[Black "Shaw, Peter"]
[Result "1/2-1/2"]
[WhiteElo "1961"]
[BlackElo "2122"]
[PlyCount "57"]
[EventDate "2018.04.13"]
[EventType "swiss"]
[EventRounds "5"]
[EventCountry "ENG"]
[SourceTitle "CBM 184 Extra"]
[Source "ChessBase"]
[SourceDate "2018.06.28"]
[SourceVersion "1"]
[SourceVersionDate "2018.06.28"]
[SourceQuality "1"]

1. d4 f5 2. c4 e6 3. Nf3 Nf6 4. g3 Be7 5. Bg2 0-0 6. 0-0 d6 7. b3 Ne4 8. Bb2 Bf6 9. Qc2 Nc6 10. a3 e5 11. dxe5 dxe5 12. Nc3 Nxc3 13. Bxc3 e4 14. Rfd1 Qe7 15. Ne1 Ne5 16. e3 Be6 17. Bf1 Qf7 18. Qb2 Ng4 19. Bxf6 Nxf6 20. Ng2 Qe7 21. Be2 Bf7 22. Rd2 Rad8 23. Rad1 Rxd2 24. Rxd2 Rd8 25. Rxd8+ Qxd8 26. Qd4 Qxd4 27. exd4 Bh5 28. Bxh5 Nxh5 29. Ne3 1/2-1/2

[Event "Harrogate 4NCL op-A 17th"]
[Site "Harrogate"]
[Date "2018.01.21"]
[Round "4"]
[White "Burnett, Jim"]
[Black "Vickery, Jim"]
[Result "0-1"]
[WhiteElo "2103"]
[BlackElo "1942"]
[PlyCount "74"]
[EventDate "2018.01.19"]
[EventType "swiss"]
[EventRounds "5"]
[EventCountry "ENG"]
[SourceTitle "CBM 182 Extra"]
[Source "ChessBase"]
[SourceDate "2018.02.23"]
[SourceVersion "1"]
[SourceVersionDate "2018.02.23"]
[SourceQuality "1"]

1. d4 Nf6 2. c4 d6 3. g3 g6 4. Bg2 Bg7 5. Nf3 Nbd7 6. Nc3 0-0 7. 0-0 e5 8. e4 c6 9. h3 Qa5 10. Re1 exd4 11. Nxd4 Ne5 12. Bf1 Re8 13. Qc2 c5 14. Nb3 Nf3+ 15. Kh1 Nxe1 16. Qd1 Qd8 17. Qxe1 d5 18. cxd5 Nxd5 19. Nxc5 Nxc3 20. bxc3 Qa5 21. Nb3 Bxc3 22. Qe3 Qe5 23. Rb1 Qxe4+ 24. Qxe4 Re7 25. Qe6 Rxe6 26. Be3 Re7 27. Nc5 Bf5 28. Rb3 Be5 29. Bg2 Bc2 30. Rb4 Bxg3 31. Nxb7 Rae8 32. Nc5 Rxe3 33. fxe3 Rxe3 34. Bf1 Bd6 35. Rc4 Bf5 36. h4 Ra3 37. Ne4 Be5 0-1

[Event "BCF-ch Senior"]
[Site "Torquay"]
[Date "2013.08.06"]
[Round "3.68"]
[White "Vickery, Jim"]
[Black "Openshaw, David"]
[Result "1-0"]
[WhiteElo "2061"]
[BlackElo "1908"]
[PlyCount "65"]
[EventDate "2013.08.03"]
[EventType "swiss"]
[EventRounds "7"]
[EventCountry "ENG"]
[SourceTitle "EXT 2023"]
[Source "ChessBase"]
[SourceDate "2022.10.05"]
[SourceVersion "1"]
[SourceVersionDate "2022.10.05"]
[SourceQuality "1"]

1. d4 d5 2. Nf3 Nf6 3. c4 c6 4. e3 Bf5 5. cxd5 cxd5 6. Qb3 Qb6 7. Qxb6 axb6 8. Nc3 h6 9. Bd2 e6 10. Bb5+ Nfd7 11. Ne5 Be7 12. Na4 Bd8 13. Bb4 f6 14. Nxd7 Nxd7 15. 0-0 e5 16. Nc3 Be6 17. dxe5 fxe5 18. Rfd1 Kf7 19. Bxd7 Bxd7 20. Nxd5 Bc6 21. Bc3 Re8 22. e4 b5 23. f3 Ba5 24. Bxa5 Rxa5 25. Nb4 Ra4 26. a3 Raa8 27. Rac1 Re6 28. Kf2 g5 29. Nxc6 bxc6 30. Rd7+ Ke8 31. Rcd1 b4 32. Rh7 bxa3 33. Rh8+ 1-0

[Event "Guernsey op 34th"]
[Site "Guernsey"]
[Date "2008.10.25"]
[Round "7"]
[White "Vickery, Jim"]
[Black "Rowe, Peter"]
[Result "1/2-1/2"]
[WhiteElo "2113"]
[BlackElo "2053"]
[PlyCount "27"]
[EventDate "2008.10.19"]
[EventType "swiss"]
[EventRounds "7"]
[EventCountry "GCI"]
[SourceTitle "EXT 2009"]
[Source "ChessBase"]
[SourceDate "2008.11.26"]
[SourceVersion "1"]
[SourceVersionDate "2008.11.26"]
[SourceQuality "1"]

1. d4 d5 2. Nf3 Nf6 3. c4 e6 4. Nc3 Nbd7 5. Bg5 c6 6. e3 Qa5 7. Bxf6 Nxf6 8. cxd5 exd5 9. Bd3 Bd6 10. h3 h6 11. Qc2 Qc7 12. 0-0 0-0 13. Rfc1 Qe7 14. a3 1/2-1/2

[Event "Guernsey op 34th"]
[Site "Guernsey"]
[Date "2008.10.22"]
[Round "4"]
[White "Vickery, Jim"]
[Black "Downey, Keith"]
[Result "1/2-1/2"]
[WhiteElo "2113"]
[BlackElo "1887"]
[PlyCount "39"]
[EventDate "2008.10.19"]
[EventType "swiss"]
[EventRounds "7"]
[EventCountry "GCI"]
[SourceTitle "EXT 2009"]
[Source "ChessBase"]
[SourceDate "2008.11.26"]
[SourceVersion "1"]
[SourceVersionDate "2008.11.26"]
[SourceQuality "1"]

1. d4 Nf6 2. Nf3 e6 3. Bg5 c5 4. c3 cxd4 5. cxd4 Bb4+ 6. Nc3 h6 7. Bxf6 Qxf6 8. e3 b6 9. Be2 Bb7 10. 0-0 Bxc3 11. bxc3 0-0 12. c4 d6 13. Nd2 Nd7 14. Bf3 Bxf3 15. Qxf3 Qxf3 16. Nxf3 Rac8 17. Nd2 Rc7 18. a4 Rfc8 19. Ne4 Rd8 20. Nxd6 1/2-1/2

[Event "BCF-ch Major 92nd"]
[Site "Douglas"]
[Date "2005.08.11"]
[Round "10"]
[White "Ward, William2222"]
[Black "Vickery, Jim"]
[Result "1/2-1/2"]
[WhiteElo "1970"]
[BlackElo "2175"]
[PlyCount "22"]
[EventDate "2005.08.01"]
[EventType "swiss"]
[EventRounds "11"]
[EventCountry "ENG"]
[SourceTitle "EXT 2006"]
[Source "ChessBase"]
[SourceDate "2005.11.24"]
[SourceVersion "1"]
[SourceVersionDate "2005.11.24"]
[SourceQuality "1"]

1. f4 Nf6 2. e3 g6 3. Nf3 Bg7 4. Be2 0-0 5. 0-0 d6 6. Nc3 c5 7. d3 Nc6 8. Qe1 e5 9. fxe5 dxe5 10. e4 h6 11. Kh1 Be6 1/2-1/2